La masonería en España : (Record no. 193044)

MARC details
000 -LEADER
campo de control de longitud fija 01309nam a2200361 c 4500
001 - NÚMERO DE CONTROL
campo de control 193044
003 - IDENTIFICADOR DE NÚMERO DE CONTROL
campo de control SpMaBN
005 - FECHA Y HORA DE LA ÚLTIMA TRANSACCIÓN
campo de control 20250814054906.0
007 - CAMPO FIJO DE DESCRIPCIÓN FÍSICA--INFORMACIÓN GENERAL
campo de control de longitud fija ta
008 - DATOS DE LONGITUD FIJA--INFORMACIÓN GENERAL
campo de control de longitud fija 230726s2022 sp | |||| 000 0 spa
017 ## - NÚMERO DE COPYRIGHT O DE DEPÓSITO LEGAL
Número de copyright o de depósito legal M 29426-2022
020 ## - NÚMERO INTERNACIONAL ESTÁNDAR DEL LIBRO
Número Internacional Estándar del Libro 9788419129871
035 ## - NÚMERO DE CONTROL DEL SISTEMA
Número de control de sistema a7226985
040 ## - FUENTE DE CATALOGACIÓN
Centro catalogador/agencia de origen SpMaBN
Lengua de catalogación spa
Centro/agencia transcriptor SpMaBN
Normas de descripción rda
Centro/agencia modificador ES-MaACL
100 1# - ENTRADA PRINCIPAL--NOMBRE DE PERSONA
Nombre de persona Según Alonso, Manuel
Término indicativo de función/relación Autor
9 (RLIN) 233851
245 1# - MENCIÓN DEL TÍTULO
Título La masonería en España :
Resto del título historia inconclusa de un sueño de libertad (1728-2022) /
Mención de responsabilidad, etc. Manuel Según Alonso
250 ## - MENCION DE EDICION
Mención de edición Primera edicion: enero de 2023
260 #1 - PUBLICACIÓN, DISTRIBUCIÓN, ETC.
Lugar de publicación, distribución, etc. [Madrid] :
Nombre del editor, distribuidor, etc. Editatum,
Fecha de publicación, distribución, etc. 2022
300 ## - DESCRIPCIÓN FÍSICA
Extensión 133 páginas ;
Dimensiones 22 cm
336 ## - TIPO DE CONTENIDO
Término de tipo de contenido Texto
Fuente rdacontent
337 ## - TIPO DE MEDIO
Nombre/término del tipo de medio sin mediación
Fuente rdamedia
338 ## - TIPO DE SOPORTE
Nombre/término del tipo de soporte volumen
Fuente rdacarrier
490 1# - MENCIÓN DE SERIE
Mención de serie GuíaBurros ;
Designación de volumen o secuencia 167
610 24 - PUNTO DE ACCESO ADICIONAL DE MATERIA--NOMBRE DE ENTIDAD CORPORATIVA
Nombre de entidad corporativa o nombre de jurisdicción como elemento de entrada Masonería-
Subdivisión geográfica España-
Subdivisión de forma Historia
9 (RLIN) 5662
830 ## - PUNTO DE ACCESO ADICIONAL DE SERIE-TÍTULO UNIFORME
Título uniforme GuíaBurros. Conocimiento y saber
Designación de volumen o secuencia 167
9 (RLIN) 233852
852 ## - LOCALIZACIÓN
Ubicación ES-MaACL
Ubicación en estantería Depósito J
Número de control de estantería N-8979
Donativo/Legado Donación: Maria Perles Navarro
Encuadernación Rústica con solapas
itemnumber 200349
903 ## - NOMBRE PERSONAL DE DONANTE
9 233771
a Perles Navarro, María
e Donante
942 ## - ELEMENTOS DE ENTRADA SECUNDARIOS (KOHA)
Suprimir en OPAC No
Tipo de ítem Koha Libro impreso
Holdings
Estatus retirado Estado de pérdida Fuente del sistema de clasificación o colocación Estado de daño No para préstamo Biblioteca de origen Biblioteca actual Ubicación en estantería Fecha de adquisición Fuente de adquisición Número de control de estantería Total de préstamos Signatura topográfica completa Código de barras Visto por última vez Precio de reemplazo Tipo de ítem Koha
    Clasificación decimal universal     Biblioteca del Ateneo de Madrid Biblioteca del Ateneo de Madrid Depósito J 27/04/2023 Donación Ateneísta   N-8979 101205642 26/07/2023 26/07/2023 Libro impreso